[Event "Centroamericano & Caribbean U20 w"]
[Site "Medellin COL"]
[Date "2009.07.30"]
[Round "1"]
[White "Howard,C"]
[Black "Romero Echeverria,A"]
[Result "1-0"]
[WhiteElo "1710"]
[BlackElo "2048"]

1.e4 c5 2.c3 Nf6 3.e5 Nd5 4.Bc4 e6 5.d4 cxd4 6.cxd4 d6 7.Nf3 Nb6 8.Bd3 Nc6
9.O-O Be7 10.Nc3 d5 11.a3 a6 12.Qc2 h6 13.Be3 Bd7 14.Kh1 Rc8 15.Nd2 Na7 16.Qb1 O-O
17.f4 Nb5 18.Ne2 Nc4 19.Nxc4 dxc4 20.Bh7+ Kh8 21.Be4 Bc6 22.a4 Na7 23.f5 Bg5
24.Bxg5 Qxg5 25.Qc2 exf5 26.Rxf5 Qd8 27.Raf1  1-0

[Event "ch-AUT"]
[Site "Jenbach AUT"]
[Date "2009.07.31"]
[Round "7"]
[White "Fruehauf,N"]
[Black "Sandhoefner,F"]
[Result "1/2-1/2"]
[WhiteElo "2080"]
[BlackElo "2200"]

1.e4 c5 2.c3 Nf6 3.e5 Nd5 4.Bc4 e6 5.d4 cxd4 6.Bxd5 exd5 7.Qxd4 Qa5 8.Bf4 Nc6
9.Qd2 d6 10.exd6 Be6 11.d7+ Kxd7 12.Ne2 Rd8 13.O-O Kc8 14.a4 d4 15.Rc1 dxc3
16.Qxc3 Qxc3 17.Nbxc3 b6 18.Nb5 Kb7 19.Rc2 a6 20.Rac1 Bc5 21.Nd6+ Bxd6 22.Rxc6 Bxf4
23.Nxf4 Rc8 24.Rxc8 Rxc8 25.Rxc8 Bxc8 26.Kf1 Kc6 27.Ke2 Kc5 28.Kd3 Bb7 29.Kc3 g5
30.Nd3+ Kd6 31.g3 Kd5 32.b4 a5 33.bxa5 bxa5 34.f3 Ba6 35.Nc1 Bb7 36.Nb3 Bc6
37.Nxa5 Bxa4 38.Nc4 Bb5 39.Ne3+ Ke5 40.Ng4+ Kf5 41.Ne3+  1/2-1/2

[Event "Centroamericano & Caribbean U20 w"]
[Site "Medellin COL"]
[Date "2009.07.31"]
[Round "2"]
[White "Orejuela Chango,P"]
[Black "Espinosa Garcia,S"]
[Result "0-1"]
[WhiteElo "1964"]
[BlackElo "2113"]

1.e4 c5 2.c3 Nf6 3.e5 Nd5 4.d4 cxd4 5.cxd4 d6 6.f4 Nc6 7.Nc3 e6 8.Nf3 Be7
9.Be2 O-O 10.O-O b6 11.Kh1 dxe5 12.fxe5 Bb7 13.Bd2 Rc8 14.Rc1 Na5 15.Qe1 Nc4
16.Bxc4 Rxc4 17.Qg3 Nxc3 18.bxc3 Be4 19.Ng5 Bg6 20.Rf2 Bxg5 21.Bxg5 Qc7 22.h4 Rc8
23.Bd2 Qc6 24.Qg5 h6 25.Qg3 h5 26.Rcf1 Rc7 27.Qg5 Kh7 28.Rf3 Qe4 29.Rg3 b5
30.a3 a5 31.Rf6 b4 32.axb4 axb4 33.cxb4 Rxd4 34.Rh3 Qc2 35.Rf2 Rcd7 36.Be3 Qb1+
37.Kh2 Rg4 38.Bd2 Rxg5 39.hxg5 Qb2 40.Be3 Qxe5+ 41.Bf4 Qd4 42.Be3 Qxb4 43.Rf4 Qb2  0-1

[Event "Czech Open A"]
[Site "Pardubice CZE"]
[Date "2009.07.31"]
[Round "8"]
[White "Tomazini,Z"]
[Black "Daskevics,Va"]
[Result "0-1"]
[WhiteElo "2119"]
[BlackElo "2341"]

1.e4 c5 2.c3 Nf6 3.e5 Nd5 4.Nf3 Nc6 5.Bc4 Nb6 6.Bb3 d5 7.exd6 Qxd6 8.Na3 Be6
9.d4 Bxb3 10.axb3 cxd4 11.O-O dxc3 12.Nb5 Qb8 13.bxc3 e5 14.Re1 Be7 15.Nxe5 Nxe5
16.Qe2 Ng6 17.h4 h5 18.g4 O-O 19.gxh5 Nxh4 20.h6 Bf6 21.hxg7 Re8 22.Be3 Qe5
23.f4 Qf5 24.Kh2 Rxe3 25.Qxe3 Qxb5 26.Qh3 Qxb3 27.Re3 Qb2+  0-1

[Event "Czech Open A"]
[Site "Pardubice CZE"]
[Date "2009.08.01"]
[Round "9"]
[White "Potapov,P"]
[Black "Nilsson,S"]
[Result "1/2-1/2"]
[WhiteElo "2442"]
[BlackElo "2274"]

1.e4 c5 2.c3 Nf6 3.e5 Nd5 4.Nf3 d6 5.d4 cxd4 6.cxd4 Nc6 7.Bc4 Nb6 8.Bb5 dxe5
9.Nxe5 Bd7 10.Nxd7 Qxd7 11.O-O Rd8 12.Nc3 e6 13.Bg5 Be7 14.Bxc6 bxc6 15.Qf3 O-O  1/2-1/2

[Event "XXXV Open"]
[Site "Badalona ESP"]
[Date "2009.08.02"]
[Round "2"]
[White "Sgnaolin,D"]
[Black "Brandenburg,D"]
[Result "0-1"]
[WhiteElo "2214"]
[BlackElo "2463"]

1.e4 c5 2.c3 Nf6 3.e5 Nd5 4.d4 cxd4 5.Nf3 e6 6.cxd4 d6 7.a3 Bd7 8.Bd3 Bc6
9.O-O Nd7 10.Qe2 Be7 11.b4 a6 12.Bd2 Rc8 13.Rc1 O-O 14.h4 dxe5 15.dxe5 N5b6
16.Re1 Bxh4 17.Nc3 Bxf3 18.Qxf3 Bg5 19.Qe4 g6 20.f4 Nxe5 21.Qxe5 Bf6 22.Qe4 Bxc3  0-1

[Event "110th US Open"]
[Site "Indianapolis USA"]
[Date "2009.08.02"]
[Round "2"]
[White "Tae,P"]
[Black "Ng,A"]
[Result "1-0"]
[WhiteElo "2092"]
[BlackElo "2113"]

1.e4 c5 2.c3 Nf6 3.e5 Nd5 4.d4 cxd4 5.Nf3 Nc6 6.cxd4 d6 7.Bc4 Nb6 8.Bb5 dxe5
9.Nxe5 Bd7 10.Nxd7 Qxd7 11.O-O e6 12.Qg4 a6 13.Bxc6 Qxc6 14.Nc3 Rd8 15.Bg5 h5
16.Qh4 f6 17.Be3 g5 18.Qe4 Qxe4 19.Nxe4 Nd5 20.Rac1 Kf7 21.Rfe1 Be7 22.a3 Rc8
23.Nc5 Bxc5 24.dxc5 Rhd8 25.g3 Rc6 26.b4 Ne7 27.Rcd1 Rd5 28.a4 Rc8 29.Rxd5 Nxd5
30.Rb1 e5 31.Bd2 Ke6 32.Kf1 b6 33.cxb6 Nxb6 34.Be3 Nd5 35.b5 axb5 36.axb5 Nxe3+
37.fxe3 Rb8 38.Ke2 Kd5 39.b6 e4 40.Kd2 Kc6 41.Kc3 Rxb6 42.Rxb6+ Kxb6 43.Kd4 Kc6
44.Kxe4 Kd6 45.Kf5 Ke7 46.Kg6 h4 47.gxh4 gxh4 48.Kh5 Ke6 49.Kxh4 Ke5 50.Kg4 Ke4
51.h4 Kxe3 52.Kf5  1-0

[Event "Centroamericano & Caribbean U20 w"]
[Site "Medellin COL"]
[Date "2009.08.02"]
[Round "5"]
[White "Romero Echeverria,A"]
[Black "Chirivi C,Y"]
[Result "1-0"]
[WhiteElo "2048"]
[BlackElo "2195"]

1.e4 c5 2.c3 Nf6 3.e5 Nd5 4.d4 cxd4 5.cxd4 e6 6.Nc3 Nxc3 7.bxc3 Qc7 8.Bd2 d6
9.f4 Nd7 10.Nf3 Nb6 11.Bd3 Bd7 12.Qe2 Rc8 13.O-O Na4 14.Rab1 Be7 15.c4 g6
16.Kh1 O-O 17.exd6 Bxd6 18.Ne5 Be8 19.Ng4 f5 20.Qxe6+ Kh8 21.c5 Bxc5 22.dxc5 fxg4
23.Qxg4 Rd8 24.f5  1-0

[Event "Centroamericano & Caribbean U20 w"]
[Site "Medellin COL"]
[Date "2009.08.02"]
[Round "6"]
[White "Romero Echeverria,A"]
[Black "Esquivel de Leon,A"]
[Result "1-0"]
[WhiteElo "2048"]
[BlackElo "2008"]

1.e4 c5 2.c3 Nf6 3.e5 Nd5 4.d4 e6 5.Nf3 cxd4 6.cxd4 Be7 7.Nc3 Nxc3 8.bxc3 b6
9.Bd3 Bb7 10.O-O O-O 11.Bd2 d6 12.Qe2 dxe5 13.Nxe5 Nd7 14.f4 Nf6 15.Rae1 Bd6
16.Kh1 Qc7 17.Nc4 Rfe8 18.Nxd6 Qxd6 19.Qf2 g6 20.Qh4 Nh5 21.Re5 Ng7 22.Rfe1 Qd7
23.Kg1 Nf5 24.Qf6 Qe7 25.Qxe7 Nxe7 26.g4 Bc6 27.Bc1 Rad8 28.f5 gxf5 29.gxf5 Nxf5
30.Bg5 Rf8  1-0

[Event "Open"]
[Site "Ptuj SLO"]
[Date "2009.08.02"]
[Round "1"]
[White "Slana,M"]
[Black "Vrabic,A"]
[Result "0-1"]
[WhiteElo "2037"]
[BlackElo "2119"]

1.e4 c5 2.c3 Nf6 3.e5 Nd5 4.d4 cxd4 5.cxd4 e6 6.Nf3 d6 7.Nc3 Nxc3 8.bxc3 Qc7
9.Bd2 Bd7 10.Be2 Bc6 11.exd6 Bxd6 12.g3 Nd7 13.O-O O-O 14.Qc2 Rac8 15.Ng5 Nf6
16.Bd3 h6 17.Ne4 Nxe4 18.Bxe4 Bxe4 19.Qxe4 Qc6 20.Qxc6 Rxc6 21.Rfb1 b6 22.f4 Rd8
23.Re1 Rc4 24.a4 Bc7 25.Kf2 Rd5 26.Ra2 a6 27.Ke3 Rd6 28.Rb1 g5 29.Kd3 Rdc6
30.fxg5 hxg5 31.Rb4 Rxb4 32.cxb4 g4 33.Rc2 Rxc2 34.Kxc2 b5 35.axb5 axb5 36.Kd3 f5
37.Bf4 Bb6 38.Bd6 Kf7 39.Ke3 Ke8 40.Be5 Kd7 41.Bg7 Kc6 42.Kd3 Kd5 43.Bf6 Bc7
44.Bg5 Bd6 45.Bd2 Be7 46.Be1 Bg5 47.Bc3 f4 48.Be1 f3 49.Bc3 f2 50.Ke2 Be3  0-1

[Event "Centroamericano & Caribbean U20 w"]
[Site "Medellin COL"]
[Date "2009.08.03"]
[Round "7"]
[White "Orejuela Chango,P"]
[Black "Chirivi C,Y"]
[Result "0-1"]
[WhiteElo "1964"]
[BlackElo "2195"]

1.e4 c5 2.c3 Nf6 3.e5 Nd5 4.d4 cxd4 5.cxd4 d6 6.f4 Nc6 7.Nc3 dxe5 8.fxe5 Bf5
9.a3 e6 10.Nf3 Be7 11.Be2 Rc8 12.O-O O-O 13.Kh1 Na5 14.Bd2 Nc4 15.Bxc4 Rxc4
16.Qe1 Qb6 17.Nxd5 exd5 18.Bc3 Qe6 19.Qg3 Rfc8 20.Nd2 R4c6 21.Rf3 b6 22.Raf1 Bg6
23.h4 h5 24.Re3 Qd7 25.Nf3 Be4 26.e6 Rxe6 27.Ne5 Qe8 28.Rxf7 Bf6 29.Rxa7 Bxe5
30.dxe5 Rg6 31.Qe1 Bxg2+ 32.Kh2 Rc4 33.Rg3 Rxg3 34.Qxg3 Rg4 35.Qf2 Be4 36.Kh3 Qg6
37.Ra8+ Kh7 38.Kh2 Rxh4+  0-1

[Event "Centroamericano & Caribbean U20 w"]
[Site "Medellin COL"]
[Date "2009.08.03"]
[Round "8"]
[White "Romero Echeverria,A"]
[Black "Espinosa Garcia,S"]
[Result "1-0"]
[WhiteElo "2048"]
[BlackElo "2113"]

1.e4 c5 2.c3 Nf6 3.e5 Nd5 4.d4 cxd4 5.cxd4 d6 6.Bc4 Nb6 7.Bb5+ Bd7 8.e6 fxe6
9.Bd3 Qc7 10.Nc3 Bc6 11.Nf3 Nd5 12.O-O Nf6 13.Ng5 Bd7 14.Bxh7 Rxh7 15.Nxh7  1-0

[Event "GMA"]
[Site "Peterhof RUS"]
[Date "2009.08.04"]
[Round "1"]
[White "Lupik,M"]
[Black "Terekhov,A"]
[Result "1-0"]
[WhiteElo "2234"]
[BlackElo "2301"]

1.e4 c5 2.c3 Nf6 3.e5 Nd5 4.d4 cxd4 5.Qxd4 e6 6.Nf3 Nc6 7.Qe4 d6 8.Nbd2 Nb6
9.exd6 Qxd6 10.Nc4 Qd5 11.Qxd5 Nxd5 12.a4 f6 13.Ne3 Nc7 14.Bc4 Bd7 15.b4 O-O-O
16.a5 b5 17.axb6 axb6 18.Be2 Kb7 19.O-O Be7 20.Nd2 Ra8 21.Rxa8 Nxa8 22.Nb3 Nc7
23.Rd1 Rd8 24.Bf3 e5 25.g4 g6 26.Nc4 Nb5 27.Bb2 Kc7 28.Ne3 Be6 29.Bd5 Bxd5
30.Rxd5 Rxd5 31.Nxd5+ Kb7 32.c4 Nd6 33.b5 Nxc4 34.bxc6+ Kxc6 35.Nxe7+ Kd7
36.Nd5 Ke6 37.Nxf6 Kxf6 38.Bc3 Kg5 39.h3 Kf4 40.Kg2 h5 41.Nd2 Nd6 42.gxh5 gxh5
43.Bb4 Nf5 44.Nc4 Nh4+ 45.Kf1 b5 46.Nd6 Kf3 47.Nxb5 Nf5 48.Nd6 Ng3+ 49.fxg3 Kxg3
50.Bc3 Kxh3 51.Bxe5 Kg4 52.Kg2 h4 53.Kh2 h3 54.Bg3 Kg5 55.Kxh3 Kf6 56.Kg4 Ke6
57.Nf5 Kd5 58.Kf4 Kc4 59.Ke4 Kc5 60.Bf2+ Kc6 61.Bd4 Kd7 62.Kd5 Kc7 63.Bc5 Kb7
64.Nd6+ Kc7 65.Nc4 Kb7 66.Bd6 Ka7 67.Kc6 Ka6 68.Bc7 Ka7 69.Nb6 Ka6 70.Bb8 Ka5
71.Nd5 Ka4 72.Be5 Kb3 73.Ne3 Kb4 74.Kb6 Ka4 75.Bc3 Kb3 76.Bd2 Ka4 77.Kc5 Ka3
78.Kc4 Ka4 79.Nd1 Ka3 80.Bb4+ Ka2  1-0

[Event "Open"]
[Site "Ptuj SLO"]
[Date "2009.08.04"]
[Round "3"]
[White "Gorsek,G"]
[Black "Polajzer,D"]
[Result "1/2-1/2"]
[WhiteElo "2009"]
[BlackElo "2353"]

1.e4 c5 2.c3 Nf6 3.e5 Nd5 4.d4 cxd4 5.Qxd4 e6 6.Nf3 Nc6 7.Qe4 d6 8.Nbd2 a6
9.exd6 Bxd6 10.Nc4 Be7 11.Bd3 b5 12.Nce5 Nxe5 13.Nxe5 Bb7 14.Qe2 Qc7 15.O-O O-O
16.Re1 Bd6 17.Bd2 Rad8 18.Rad1 Bxe5 19.Qxe5 Qxe5 20.Rxe5 Nb6 21.Bc1 Rd7 22.Ree1 Bd5
23.b3 Rc8 24.Bb2 f6 25.f3 Kf7 26.Kf2 g6 27.h4 Rcd8 28.Be2 e5 29.Rd2 Be6 30.Rxd7+ Rxd7
31.Rd1 Rxd1 32.Bxd1 Bf5 33.a3 Be6 34.g3 a5 35.Bc1 Bd7 36.Be3 Nd5 37.c4 Nxe3
38.Kxe3 bxc4 39.bxc4 Ke6 40.f4 Kd6 41.fxe5+ Kxe5 42.Bf3 f5 43.Kd3 h6 44.c5 Bb5+
45.Kc3 g5 46.hxg5 hxg5 47.Bb7 g4 48.c6 Kd6 49.Kd4 Bxc6  1/2-1/2

[Event "XXXV Open"]
[Site "Badalona ESP"]
[Date "2009.08.05"]
[Round "5"]
[White "Brandenburg,D"]
[Black "Kulkarni,C"]
[Result "1/2-1/2"]
[WhiteElo "2463"]
[BlackElo "2259"]

1.e4 c5 2.c3 Nf6 3.e5 Nd5 4.Nf3 e6 5.Bc4 Nc6 6.O-O d6 7.d4 cxd4 8.cxd4 Be7
9.Qe2 O-O 10.Qe4 Ndb4 11.exd6 Qxd6 12.Bf4 Qd8 13.Nc3 Na5 14.Be2 Bd7 15.Ne5 Nac6
16.Rfd1 Bf6 17.a3 Nd5 18.Nxd5 exd5 19.Qxd5 Be6 20.Qc5 Rc8 21.Nxc6 Rxc6 22.Qxa7 Rc2
23.Bf3 Bd5 24.Bxd5 Qxd5 25.b4 h6 26.Rac1 Ra2 27.Qc5 Rd8 28.Qxd5 Rxd5 29.Be3 Rxa3
30.Rc7 b6 31.Rc6 Bd8 32.Rb1 Kf8 33.Kf1 Ke8 34.Ke2 Kd7 35.Rcc1 Be7 36.g4 g5
37.Kd2 Bd6 38.Rc3 Ra2+ 39.Kd3 Ra4 40.b5 Bxh2 41.Rc6 Rxb5 42.Rxb6 Rxb6 43.Rxb6 Bd6
44.Ke4 Ra5 45.Rb7+ Ke8 46.f3 Kf8 47.Rb6 Ke7 48.Bd2 Ra2 49.Bc3 Rc2 50.Bb2 Re2+
51.Kd5 Re6 52.Bc1 Bg3 53.Ba3+ Kf6 54.Rc6 Bf2 55.Bd6 Kg6 56.Bc5 Rxc6 57.Kxc6 Bxd4
58.Bxd4 f5 59.Kd5 fxg4 60.fxg4 h5 61.gxh5+  1/2-1/2

[Event "80th Jubilee Viktor Kart"]
[Site "Lviv UKR"]
[Date "2009.08.05"]
[Round "2"]
[White "Bulmaga,I"]
[Black "Vetoshko,V"]
[Result "1/2-1/2"]
[WhiteElo "2277"]
[BlackElo "2166"]

1.e4 c5 2.c3 Nf6 3.e5 Nd5 4.d4 Nc6 5.Nf3 d6 6.Bc4 Nb6 7.Bb5 cxd4 8.cxd4 dxe5
9.Nxe5 Bd7 10.Nxd7 Qxd7 11.Nc3 e6 12.O-O Rd8 13.a4 a6 14.Bxc6 bxc6 15.Be3 Nd5
16.Nxd5 Qxd5 17.Qc2 Be7 18.Rac1 Rc8 19.Qe2 a5 20.Rc4 O-O 21.Rfc1 Rfd8 22.Qc2 e5
23.dxe5 Qxe5 24.g3 h6 25.Bb6 Rd5 26.Rxc6 Rxc6 27.Qxc6 Qxb2 28.Re1 Re5 29.Rxe5 Qxe5
30.Qa8+ Kh7 31.Qxa5 Qa1+ 32.Kg2 Qb1 33.Qb5 Qe4+ 34.f3 Qc2+ 35.Bf2 Bf6 36.Qd7 Bc3
37.Qc6 Qb2 38.Qb5 Qd2 39.Qf5+ Kg8 40.Qe4 Ba5 41.Qa8+ Kh7 42.Qa7 f5 43.Qd4 Qc2
44.Qc5 Qxa4 45.Qxf5+ Kh8 46.h4 Qa2 47.Qc5 Be1 48.g4 Qe2 49.g5 hxg5 50.hxg5 Kh7
51.Qb6 Bxf2 52.Qxf2 Qc4 53.Qe3 Kg6 54.Kg3 Qc7+ 55.f4 Qc2 56.Qe8+ Kh7 57.Qh5+ Kg8
58.Qe8+ Kh7 59.Qh5+ Kg8 60.Qf3 g6 61.Qd5+ Kg7 62.Qd7+ Kg8 63.Qd8+ Kg7 64.Qd4+ Kg8
65.Kf3 Qb3+ 66.Ke4 Qe6+ 67.Qe5 Qc4+ 68.Ke3 Qb3+ 69.Kd4 Qb4+ 70.Kd5 Qb5+ 71.Kd6 Qb6+
72.Ke7 Qb7+ 73.Kd8 Qa8+ 74.Kc7 Qa7+ 75.Kc8 Qa6+ 76.Kd8 Qa8+ 77.Kd7 Qb7+ 78.Qc7 Qd5+
79.Qd6 Qb7+ 80.Kd8 Qa8+ 81.Ke7 Qf8+ 82.Kd7 Qf7+ 83.Kd8 Qf5 84.Qe5 Qd3+ 85.Ke8 Qc4
86.Qd6 Qf7+ 87.Kd8 Qf5 88.Qc7 Qf8+ 89.Kd7 Qf5+ 90.Kc6 Qe4+ 91.Kb5 Qb1+ 92.Ka6 Qd3+
93.Ka7 Qd4+ 94.Kb8 Qb4+ 95.Kc8 Qe4 96.Qb8 Qe7 97.Qb3+ Kf8 98.Qd5 Qb4 99.Qd8+ Kg7
100.Qf6+ Kh7 101.Qf7+ Kh8 102.Qf6+ Kh7 103.Kd7 Qb5+ 104.Ke7 Qc5+ 105.Qd6 Qf5
106.Qe6 Qc5+ 107.Ke8 Qf2 108.Qf7+ Kh8 109.Qf6+ Kh7 110.Kf8  1/2-1/2

[Event "Open"]
[Site "Ptuj SLO"]
[Date "2009.08.06"]
[Round "6"]
[White "Lipovsek,M"]
[Black "Cmor,N"]
[Result "1-0"]
[WhiteElo "2098"]
[BlackElo "1783"]

1.e4 c5 2.c3 Nf6 3.e5 Nd5 4.Bc4 Nb6 5.Bb3 c4 6.Bc2 d5 7.d4 cxd3 8.Qxd3 Nc6
9.Qg3 g6 10.Ne2 Bg7 11.f4 O-O 12.O-O Qc7 13.Nd2 Rd8 14.Nf3 e6 15.h4 h5 16.Qh3 Nc4
17.g4 Qb6+ 18.Ned4 f6 19.Re1 fxe5 20.fxe5 N4xe5 21.Nxe5 Bxe5 22.Rxe5 Nxe5
23.gxh5 gxh5 24.Qe3 Qc7 25.Qg3+ Qg7 26.Bg5 Rf8 27.Re1 Nf7 28.Rxe6 Nh8 29.Re7 Rf7
30.Re8+ Rf8 31.Rxf8+ Kxf8 32.Qd6+ Kg8 33.Qd8+ Qf8 34.Bh7+ Kf7 35.Qc7+ Ke8
36.Nb5 Nf7 37.Bg6 Bd7 38.Qd8+ Rxd8 39.Nc7+  1-0

[Event "Arctic Chess Challenge"]
[Site "Tromso NOR"]
[Date "2009.08.06"]
[Round "6"]
[White "Poobalasingam,P"]
[Black "Skage,O"]
[Result "1-0"]
[WhiteElo "2224"]
[BlackElo "1966"]

1.e4 c5 2.c3 Nf6 3.e5 Nd5 4.g3 d6 5.exd6 Qxd6 6.Bg2 Nc6 7.Ne2 g6 8.Na3 a6
9.O-O Nb6 10.d4 cxd4 11.cxd4 Bg4 12.f3 Bf5 13.Bf4 Qd7 14.Be5 f6 15.Bf4 Nd5
16.Bd2 h5 17.Re1 e6 18.Nc4 g5 19.Ne3 O-O-O 20.Nxf5 exf5 21.f4 g4 22.Qb3 h4
23.Rac1 Kb8 24.Rxc6 Qxc6 25.Nc3 Qb6 26.Nxd5 Qa7 27.Be3 hxg3 28.hxg3 b5 29.a4 Rd7
30.axb5 Rb7 31.b6  1-0

[Event "Open"]
[Site "Ptuj SLO"]
[Date "2009.08.07"]
[Round "7"]
[White "Skok,J"]
[Black "Mesar,D"]
[Result "0-1"]
[WhiteElo "2046"]
[BlackElo "2053"]

1.e4 c5 2.c3 Nf6 3.e5 Nd5 4.d4 cxd4 5.Nf3 e6 6.cxd4 Nc6 7.Nc3 Nb6 8.Bd3 d6
9.exd6 Bxd6 10.O-O Ne7 11.Ng5 Ng6 12.Qh5 Qe7 13.Nxh7 Qh4 14.Qxh4 Nxh4 15.h3 f6
16.Nb5 Bb8 17.g3 Nf5 18.g4 Ne7 19.Bd2 a6 20.Nc3 Kf7 21.h4 g6 22.Nxf6 Kxf6
23.Bg5+ Kf7 24.Bxe7 Kxe7 25.Bxg6 Rxh4 26.f3 e5 27.Bh5 exd4 28.Rfe1+ Be6 29.Ne4 Nd7
30.Ng5 Nf8 31.Re4 Kf6 32.Nxe6 Nxe6 33.Rf1 Bf4 34.Re2 Be3+ 35.Kg2 Nf4+ 36.Kg3 Rh3+  0-1

[Event "Arctic Chess Challenge"]
[Site "Tromso NOR"]
[Date "2009.08.09"]
[Round "9"]
[White "Meyer,Ole"]
[Black "Groetz,H"]
[Result "1-0"]
[WhiteElo "1941"]
[BlackElo "2350"]

1.e4 c5 2.c3 Nf6 3.e5 Nd5 4.d4 cxd4 5.Nf3 e6 6.cxd4 d6 7.Bb5+ Bd7 8.Bxd7+ Nxd7
9.O-O Be7 10.Bd2 O-O 11.Nc3 Nxc3 12.Bxc3 dxe5 13.dxe5 Nb6 14.Qb3 Qd5 15.Nd4 Qxb3
16.Nxb3 Nd5 17.Bd2 Rfd8 18.Rac1 Rd7 19.Nc5 Bxc5 20.Rxc5 h6 21.Rfc1 Kh7 22.g3 Rad8
23.f4 Ne7 24.Be3 Rd3 25.Bf2 Nc6 26.a3 Kg6 27.R5c2 Kf5 28.Kg2 Rb3 29.Re2 a6
30.Rc4 h5 31.Be3 Rdd3 32.Bf2 Rd7 33.Be3 Na5 34.Rc5 b6 35.Rcc2 b5 36.Bd2 Nc4
37.Bc1 Rd4 38.Kf2 a5 39.Be3 Rdd3 40.Bc1 a4 41.Kg1 Rd1+ 42.Kf2 h4 43.gxh4 Rh3
44.Kg2 Rxh4 45.Rc3 Rg4+ 46.Kf2 Rgg1 47.Rec2 Rh1 48.Kf3 g5 49.fxg5 Nxe5+ 50.Kg3 Rhg1+
51.Kh3 Nd3 52.Be3 Rge1 53.Bd2 Nf2+ 54.Kg2 Re2 55.Rf3+ Ke4 56.Rxf2 Rxf2+ 57.Kxf2 Kd3
58.Rc3+ Kxd2 59.Rc5 b4 60.axb4 Rb1 61.Ra5 Rxb2 62.Rxa4 e5 63.Ra7 Kd3+ 64.Kg3 Rxb4
65.Rxf7 e4 66.Rd7+ Ke2 67.g6 Rb6 68.g7 Rg6+ 69.Kf4 e3 70.Re7 Kf2 71.Rxe3 Rxg7
72.Ra3 Rf7+ 73.Kg5 Rb7 74.Ra5 Kf3 75.h4 Ke4 76.h5 Rb1 77.h6 Rh1 78.Kg6 Kf4
79.Ra6 Rg1+ 80.Kf7 Rh1 81.Kg7 Kf5 82.Ra7 Rg1+ 83.Kf8 Rb1 84.Kf7 Rh1 85.Ra5+ Kf4
86.Ra6 Kf5 87.Rf6+ Ke5 88.Kg7 Rh2 89.Rg6 Ra2 90.h7 Ra7+ 91.Kh6 Ra8 92.Rg8 Ra6+
93.Kg5  1-0

[Event "Arctic Chess Challenge"]
[Site "Tromso NOR"]
[Date "2009.08.09"]
[Round "9"]
[White "Getz,N"]
[Black "Malakhatko,V"]
[Result "1/2-1/2"]
[WhiteElo "2219"]
[BlackElo "2570"]

1.e4 c5 2.c3 Nf6 3.e5 Nd5 4.Bc4 Nb6 5.Bb3 d5 6.exd6 Qxd6 7.Nf3 Nc6 8.O-O Be6
9.Re1 Bxb3 10.Qxb3 c4 11.Qb5 Qc7 12.d4 cxd3 13.Qxd3 Rd8 14.Qe4 e6 15.Bg5 Be7
16.Na3 Bxg5 17.Nxg5 Qe7 18.Nf3 Qc5 19.Nc2 O-O 20.Ncd4 Nxd4 21.Nxd4 Rd5 22.Re3 g6
23.b3 Rfd8 24.Rae1 Qe7 25.Qf4 Rh5 26.c4 Rh4 27.g4 h5 28.h3 g5 29.Qe5 Nd7
30.Qc7 Qf8 31.Qa5 Nc5 32.Re5 Rxd4 33.Rxg5+ Kh7 34.Rxc5 hxg4 35.Rh5+ Rxh5
36.Qxh5+ Kg8 37.hxg4 Qg7 38.g5 Rd2 39.Kg2 Qd4 40.Re2 Rd3 41.g6 Qg7 42.Qg5 Qxg6
43.Qxg6+ fxg6 44.Rxe6 Kf7 45.Re3 Rd2 46.a3 Kf6 47.Kg3 b6 48.f3 Ra2 49.a4 g5
50.Rd3 Rb2 51.f4  1/2-1/2

[Event "Arctic Chess Challenge"]
[Site "Tromso NOR"]
[Date "2009.08.09"]
[Round "9"]
[White "Kiik,K"]
[Black "Urkedal,F"]
[Result "0-1"]
[WhiteElo "2475"]
[BlackElo "2333"]

1.e4 c5 2.c3 Nf6 3.e5 Nd5 4.Nf3 Nc6 5.Bc4 Nb6 6.Bb3 c4 7.Bc2 d6 8.exd6 Qxd6
9.Na3 Qe6+ 10.Qe2 Qxe2+ 11.Kxe2 e5 12.b3 Be6 13.Ng5 Bd5 14.Nxc4 Nxc4 15.bxc4 Bxc4+
16.d3 Bd5 17.Bb3 Rd8 18.f3 Be7 19.Ne4 O-O 20.g4 f6 21.Be3 b6 22.h4 Rd7 23.h5 Rc8
24.Ba4 Rdc7 25.Bb5 Nd8 26.Ba6 Rb8 27.Rhc1 Ba3 28.Rc2 Kf7 29.Rb1 Ne6 30.Kd2 Rd8
31.Bb5 Ke7 32.Ba4 Bc4 33.Nf2 Nc5 34.Bb5 Nxd3 35.Bxc4 Nxf2+ 36.Ke2 Rxc4 37.Bxf2 Rd5
38.Rb3 Bd6 39.Be3 Ke6 40.Rb1 Ra5 41.Kd3 Rca4 42.Rbb2 Ra3 43.Bf2 R5a4 44.Be3 Kd5
45.Rb5+ Kc6 46.Rbb2 b5 47.Ke2 Bc7 48.Bc1 a6 49.Be3 Ba5 50.Bd2 Kc5 51.Kd3 Kd5
52.Ke2 Kc4 53.Be1 g6 54.h6 g5 55.Bd2 Kd5 56.Be1 Ke6 57.Bd2 Kf7 58.Be1 Kg6
59.Bd2 Kxh6 60.Be1 Kg6 61.Bd2 h5  0-1

[Event "Jubilee Open"]
[Site "Zuerich SUI"]
[Date "2009.08.09"]
[Round "1"]
[White "Good,D"]
[Black "Pelletier,Y"]
[Result "0-1"]
[WhiteElo "2196"]
[BlackElo "2574"]

1.e4 c5 2.c3 Nf6 3.e5 Nd5 4.Nf3 e6 5.d4 cxd4 6.cxd4 d6 7.Bc4 Nb6 8.Bd3 dxe5
9.Nxe5 Nc6 10.Nxc6 bxc6 11.Be3 Nd5 12.O-O Be7 13.Nc3 O-O 14.Rc1 a5 15.Nxd5 cxd5
16.Bf4 Ba6 17.Rc6 Bxd3 18.Qxd3 Bg5 19.Qd2 h6 20.Rfc1 Qf6 21.Bxg5 hxg5 22.R1c3 Rfb8
23.h3 Rb4 24.Rd3 Rab8 25.b3 a4 26.Rcc3 Qf5 27.Rf3 Qe4 28.Qxg5 Qxd4 29.Rc7 Rf8
30.Qe7 Qa1+ 31.Kh2 Qe5+ 32.g3 Qh5  0-1

[Event "80th Jubilee Viktor Kart"]
[Site "Lviv UKR"]
[Date "2009.08.10"]
[Round "8"]
[White "Bulmaga,I"]
[Black "Massoni,M"]
[Result "1/2-1/2"]
[WhiteElo "2277"]
[BlackElo "2291"]

1.e4 c5 2.c3 Nf6 3.e5 Nd5 4.d4 cxd4 5.Nf3 Nc6 6.cxd4 d6 7.Bc4 dxe5 8.dxe5 Ndb4
9.Qxd8+ Nxd8 10.Na3 a6 11.O-O Ndc6 12.Bd2 e6 13.Rfc1 Bd7 14.Nc2 Nxc2 15.Rxc2 Bb4
16.Be3 Rc8 17.a3 Be7 18.Be2 O-O 19.Rd2 Be8 20.Rc1 f6 21.exf6 Bxf6 22.Ng5 Bf7
23.Nxf7 Rxf7 24.b4 Rcc7 25.Rdc2 Nd4 26.Rxc7 Nxe2+ 27.Kf1 Nxc1 28.Rxc1 Rd7
29.Ke2 Kf7 30.a4 Be5 31.h3 Kg6 32.Rc4 Rd5 33.Rc5 Rxc5 34.Bxc5 b5 35.axb5 axb5
36.Ke3 Bc3 37.Ke4 Kf7 38.f4 g6 39.g4 Bd2 40.Bd6 Bc3 41.Kd3 Be1 42.Kd4 Bf2+
43.Kd3  1/2-1/2

[Event "XII Bancpost A"]
[Site "Miercurea Ciuc ROM"]
[Date "2009.08.10"]
[Round "2"]
[White "Adam,A2"]
[Black "Dicu,R"]
[Result "1/2-1/2"]
[WhiteElo "1916"]
[BlackElo "2126"]

1.e4 c5 2.c3 Nf6 3.e5 Nd5 4.d4 cxd4 5.cxd4 d6 6.Nf3 e6 7.Nc3 Nxc3 8.bxc3 Qc7
9.Qb3 Nd7 10.Bf4 b6 11.Bc4 Be7 12.Bxe6 Nxe5 13.dxe5 Bxe6 14.exd6 Bxd6 15.Qa4+ Kf8
16.Bxd6+ Qxd6 17.O-O g6 18.Ng5 Kg7 19.Rad1 Qe5 20.Nxe6+ Qxe6 21.Rd7 Rhd8
22.Rxa7 Rxa7 23.Qxa7 Rd2  1/2-1/2

[Event "80th Jubilee Viktor Kart"]
[Site "Lviv UKR"]
[Date "2009.08.11"]
[Round "10"]
[White "Bulmaga,I"]
[Black "Grekh,A"]
[Result "1/2-1/2"]
[WhiteElo "2277"]
[BlackElo "2353"]

1.e4 c5 2.c3 Nf6 3.e5 Nd5 4.d4 cxd4 5.Nf3 Nc6 6.cxd4 d6 7.Bc4 dxe5 8.dxe5 Ndb4
9.Qb3 e6 10.O-O Na5 11.Qa4+ Bd7 12.Bb5 Bxb5 13.Qxb5+ Nac6 14.Nc3 a6 15.Qe2 Qd3
16.Rd1 Qxe2 17.Nxe2 Be7 18.Nc3 Rd8 19.Be3 Nd3 20.Bb6 Rd7 21.Na4 Ndxe5 22.Nxe5 Nxe5
23.Rxd7 Kxd7 24.Bd4 Bf6 25.Nc5+ Ke7 26.Nxb7 Nf3+ 27.gxf3 Bxd4 28.Rc1 Rb8
29.Rc7+ Kf8 30.Nd6 f6 31.b3 h5 32.Rf7+ Kg8 33.Re7 Kh7 34.Nc4 e5 35.Re6 Ra8
36.Nb6 Ra7 37.Rd6 a5 38.Nc4 a4 39.b4 Rc7 40.Ne3 Rc1+ 41.Kg2 Bxe3 42.fxe3 Rc2+
43.Kg3 Rxa2 44.Ra6 Ra3 45.e4 h4+ 46.Kg4 Ra2 47.Kxh4 Rxh2+ 48.Kg3 Ra2 49.b5 Rb2
50.Rxa4 Rxb5 51.Ra7 Kh6 52.Rf7 Rb1 53.Kf2 Rh1 54.Kg3 Rg1+ 55.Kh2 Rg5 56.Kh3 Kh5
57.Re7 Kh6 58.Rf7 Rh5+ 59.Kg3 Kg6 60.Re7 Rh8 61.Kg4 Rb8 62.Kg3 Rb6 63.Kg4 Rb4
64.Kg3 Kh6 65.Rf7 Rb6 66.Kg4 g6 67.Kh4 g5+ 68.Kg4 Kg6 69.Rf8 Rb7 70.Rg8+ Rg7
71.Rh8 Rh7 72.Rg8+ Kf7 73.Ra8 Rh4+ 74.Kg3 Rf4 75.Ra7+ Kg6 76.Ra8 Kh6 77.Rh8+ Kg7
78.Ra8 g4 79.fxg4 Rxe4 80.Kf3 Rf4+ 81.Kg3 Rb4 82.Kf3 Kg6 83.Rg8+ Kf7 84.Ra8 Rb3+
85.Kf2 Rd3 86.Rb8 Rd4 87.Kg3 Ke6 88.Re8+ Kd5 89.Rf8 Rf4 90.Ra8 Rc4  1/2-1/2

[Event "2nd WCT GM"]
[Site "Moscow RUS"]
[Date "2009.08.11"]
[Round "4"]
[White "Vlassov,N"]
[Black "Savina,A"]
[Result "0-1"]
[WhiteElo "2471"]
[BlackElo "2382"]

1.e4 c5 2.c3 Nf6 3.e5 Nd5 4.d4 cxd4 5.cxd4 d6 6.Nf3 Nc6 7.Bc4 dxe5 8.Bxd5 Qxd5
9.Nc3 Qd6 10.d5 Nd4 11.Nxd4 exd4 12.Qxd4 e5 13.Qe3 Be7 14.O-O O-O 15.Re1 f6
16.f4 Bd8 17.Kh1 Bb6 18.Qf3 Bf5 19.g4 Bg6 20.f5 Bf7 21.Be3 Bd4 22.Rad1 Bxc3
23.bxc3 Rfd8 24.c4 b5 25.g5 bxc4 26.Qg4 Bxd5+ 27.Kg1 Kh8 28.Qh4 Qf8 29.gxf6 gxf6
30.Kf2 Rab8 31.Re2 c3 32.Rg1 Qf7 33.Rg6 Rg8 34.Qxf6+ Qxf6 35.Rxf6 Rb2 36.Bh6 Bc4  0-1

[Event "XVIII TCh-MKD"]
[Site "Struga MKD"]
[Date "2009.08.11"]
[Round "2"]
[White "Dancevski,O"]
[Black "Nedev,T"]
[Result "1/2-1/2"]
[WhiteElo "2411"]
[BlackElo "2508"]

1.e4 c5 2.c3 Nf6 3.e5 Nd5 4.d4 cxd4 5.Nf3 d6 6.cxd4 Nc6 7.Bc4 e6 8.O-O Be7
9.Qe2 O-O 10.Re1 Qb6 11.Qe4 dxe5 12.dxe5 Bc5 13.Re2 f5 14.exf6 Nxf6 15.Qh4  1/2-1/2

[Event "ITT Vicente Lopez"]
[Site "Villa Martelli ARG"]
[Date "2009.08.11"]
[Round "7"]
[White "Granara Barreto,S"]
[Black "Lopez Azambuja,N"]
[Result "1/2-1/2"]
[WhiteElo "2200"]
[BlackElo "2185"]

1.e4 c5 2.c3 Nf6 3.e5 Nd5 4.Nf3 e6 5.g3 Nc6 6.Bg2 d6 7.exd6 Bxd6 8.O-O O-O
9.d4 b6 10.c4 Nde7 11.Nc3 cxd4 12.Nxd4 Bb7 13.Bg5 Na5 14.Bxb7 Nxb7 15.Ncb5 Bc5
16.Qf3 Qc8 17.Rad1  1/2-1/2